000 00742nam a2200253Ia 4500
003 OSt
005 20220928115724.0
006 a|||||r|||| 00| 0
007 ta
008 220927b |||||||| |||| 00| 0 eng d
020 _cUSD 145.00
024 _a143741
037 _b45, 28/02/2020, Shivam Book Service
_cTextual
040 _aSDCL
_cSDCL
_beng
041 _2eng
_aeng
082 _aS8:22, Q9
100 _aBotswana D S Ed.
_9445767
245 0 _aGender and social psychology
260 _aNew York
_b Magnum Publishing
_c2019
300 _axi,342p.
_ccm.
650 _aApplied Psychology
942 _hS8:22, Q9
_cTEXL
_2CC
999 _c760661
_d760661